Psychology : (Record no. 168421)

MARC details
000 -LEADER
fixed length control field 00645nam a22001937a 4500
005 - DATE AND TIME OF LATEST TRANSACTION
control field 20191007155719.0
010 ## - LCCN (DPL NO)
LC control number ENG-126614
020 ## - INTERNATIONAL STANDARD BOOK NUMBER
International Standard Book Number 9789353280833
Terms of availability 350.00
035 ## - SYSTEM CONTROL NUMBER
System control number EN-110146
037 ## - SOURCE OF ACQUISITION
Source of stock number/acquisition DBAD/PUB
082 ## - DEWEY DECIMAL CLASSIFICATION NUMBER
Classification number 150.00
100 ## - MAIN ENTRY--PERSONAL NAME
Personal name Bansal, Parul
245 ## - TITLE STATEMENT
Title Psychology :
Statement of responsibility, etc Parul Bansal
Remainder of title debates and controversies /
260 ## - PUBLICATION, DISTRIBUTION, ETC. (IMPRINT)
Place of publication, distribution, etc New Delhi
Name of publisher, distributor, etc SAGE Publications
Date of publication, distribution, etc 2019
270 ## - ADDRESS
Address B1/1-1, Mohan Cooperative Industrial Area
City Mathura Road, New Delhi
Postal code 110044
Electronic mail address www.sagepub.in
300 ## - PHYSICAL DESCRIPTION
Extent various paging.
Dimensions 24cm(pbk)
500 ## - GENERAL NOTE
General note Includes bibliographical references and index
942 ## - ADDED ENTRY ELEMENTS (KOHA)
Source of classification or shelving scheme Dewey Decimal Classification
Item type English Books
Classification part 150
Call number suffix BAN
Holdings
Withdrawn status Lost status Not for loan Collection code Home library Current library Date acquired Source of acquisition Cost, normal purchase price Full call number Barcode Copy number Cost, replacement price Koha item type
      Non-fiction Bawana Bawana 07/10/2019 DBAD/PUB 325.00 150 BAN EN-110146 1 325.00 English Books

© Delhi Public Library
Hit Counter
free hit counter